[Event "Berlin-ch qualification"]
[Site "Berlin-Lichtenrade"]
[Date "2011.04.23"]
[Round "1.17"]
[White "Kampf, Guenther"]
[Black "Teske, Tim"]
[Result "1/2-1/2"]
[WhiteElo "2021"]
[BlackElo "1708"]
[PlyCount "66"]
[EventDate "2011.04.23"]
[EventType "swiss"]
[EventRounds "9"]
[EventCountry "GER"]
[SourceTitle "EXT 2022"]
[Source "ChessBase"]
[SourceDate "2021.10.06"]
[SourceVersion "1"]
[SourceVersionDate "2021.10.06"]
[SourceQuality "1"]

1. e4 c5 2. Nf3 d6 3. d4 cxd4 4. Nxd4 Nf6 5. Nc3 a6 6. Be2 e5 7. Nb3 Be6 8. Bg5 Be7 9. Bxf6 Bxf6 10. Nd5 Be7 11. 0-0 0-0 12. f4 Bxd5 13. Qxd5 Qb6+ 14. Kh1 Nd7 15. f5 Nf6 16. Qd3 Rac8 17. c4 Rfd8 18. Nd2 Nd7 19. b3 Bg5 20. Nb1 Nf6 21. Nc3 Be3 22. Nd5 Nxd5 23. exd5 Bd4 24. Rad1 f6 25. g3 Rb8 26. Rf3 Re8 27. Qe4 Qc5 28. a4 Re7 29. Rdf1 Rf8 30. g4 Ref7 31. Bd3 Re7 32. h4 Qb4 33. Bb1 Rd7 1/2-1/2